000 01052nam0a22002531 4500
001 rc\2331191
005 20110829145558.3
035 _a(NLR Aleph) 006473010
090 _a5954694
_c5954694
100 _a20110829d1977 |||y0rusy50 ca
101 0 _arus
102 _aRU
105 _ay z |||||
200 1 _aПоказания и техника хирургического лечения хронического тонзиллита у детей раннего возраста
_e(Метод. рекомендации)
_fМЗ УССР, Днепропетр. мед. ин-т
_g[Сост. проф. А.А. Сквирская, к. м. н. Э.Ф. Коваленко]
210 _aДнепропетровск
_cБ. и.
_d1977
215 _a16 с.
_d20
702 1 _aКоваленко
_bЭ. Ф.
_4220
702 1 _aСквирская
_bА. А.
_4220
712 0 2 _aДнепропетровский мед. ин-т
_3RU\NLR\AUTH\889928048
801 0 _aRU
_bNLR
_gpsbo
801 1 _aRU
_bELAR
_2rusmarc
852 _aNLR
_j80-4/528
942 _cBOOK
980 _aNB